[Event "British Columbia-ch"]
[Site "Vancouver CAN"]
[Date "2008.10.16"]
[Round "7.3"]
[White "Davies, Lucas"]
[Black "Wu, Howard"]
[Result "1-0"]
[WhiteElo "2239"]
[BlackElo "2240"]
[PlyCount "45"]
[GameId "2160767910303050"]
[EventDate "2008.10.10"]
[EventType "tourn"]
[EventRounds "7"]
[EventCountry "CAN"]

1. e4 c6 2. d4 d5 3. e5 Bf5 4. Nc3 e6 5. g4 Bg6 6. Nge2 c5 7. h4 h5 8. Nf4 Bh7 9. Nxh5 Nc6 10. Bb5 cxd4 11. Qxd4 Bxc2 12. Bg5 Qa5 13. Rc1 Bg6 14. Nf4 Be4 15. O-O Qxb5 16. Nxb5 Nxd4 17. Nxd4 b6 18. Nb5 Rb8 19. Rc7 f6 20. Nxe6 fxg5 21. Nd6+ Bxd6 22. exd6 Nf6 23. Re7# 1-0

[Event "British Columbia-ch"]
[Site "Vancouver CAN"]
[Date "2008.10.13"]
[Round "7.4"]
[White "Patterson, Roger"]
[Black "Berry, Jonathan"]
[Result "1/2-1/2"]
[WhiteElo "2243"]
[BlackElo "2279"]
[PlyCount "68"]
[GameId "2160767910303051"]
[EventDate "2008.10.10"]
[EventType "tourn"]
[EventRounds "7"]
[EventCountry "CAN"]

1. e4 g6 2. d4 d6 3. f4 c5 4. dxc5 Qa5+ 5. Nc3 Nf6 6. Bd3 Qxc5 7. Nf3 Bg7 8. Qe2 Bg4 9. Be3 Qc7 10. O-O Nbd7 11. h3 Bxf3 12. Qxf3 O-O 13. g4 Rfc8 14. h4 Qd8 15. h5 a6 16. Rf2 b5 17. Raf1 Rxc3 18. bxc3 Rc8 19. Rh2 Rxc3 20. hxg6 hxg6 21. g5 Nh5 22. Rxh5 gxh5 23. Qxh5 Nc5 24. Bd2 Ra3 25. Bc1 Rxa2 26. g6 Nxd3 27. gxf7+ Kf8 28. cxd3 Qb6+ 29. Kh1 Qd4 30. Qh7 Kxf7 31. Rg1 Rc2 32. f5 Qxg1+ 33. Kxg1 Rxc1+ 34. Kf2 b4 1/2-1/2

[Event "British Columbia-ch U20"]
[Site "New Westminster CAN"]
[Date "2008.11.08"]
[Round "1.1"]
[White "Cheng, Jack"]
[Black "Ji, Henry"]
[Result "0-1"]
[WhiteElo "1967"]
[BlackElo "1618"]
[PlyCount "82"]
[GameId "2160767910294408"]
[EventDate "2008.11.08"]
[EventType "swiss"]
[EventRounds "5"]
[EventCountry "CAN"]

1. e4 e6 2. d4 d5 3. e5 c5 4. c3 Nc6 5. Nf3 Qb6 6. Be2 Nge7 7. Na3 Ng6 8. Nc2 Be7 9. h4 O-O 10. h5 Nh8 11. O-O f6 12. dxc5 Bxc5 13. exf6 Rxf6 14. Bg5 Rf8 15. b4 Bd6 16. Ncd4 Nf7 17. Be3 Qd8 18. Nb5 b6 19. Qd2 Bb7 20. Rad1 Rc8 21. Nxd6 Nxd6 22. Ng5 Qf6 23. Bd3 h6 24. Nh7 Qh4 25. Nxf8 Rxf8 26. Bg6 Ne5 27. f3 Nxg6 28. hxg6 Nf5 29. Bf2 Qh5 30. Qf4 Qxg6 31. Qg4 Qh7 32. Bd4 e5 33. Bxe5 h5 34. Qg5 h4 35. Kh2 h3 36. gxh3 Nh4 37. f4 Qc2+ 38. Kg3 Nf5+ 39. Kg4 Qg2+ 40. Kh5 Qxh3+ 41. Kg6 Qh7# 0-1

[Event "British Columbia-ch U20"]
[Site "New Westminster CAN"]
[Date "2008.11.08"]
[Round "1.2"]
[White "Jensen, Jacob"]
[Black "Sohal, Tanraj"]
[Result "0-1"]
[WhiteElo "1566"]
[BlackElo "1956"]
[PlyCount "58"]
[GameId "2160767910294409"]
[EventDate "2008.11.08"]
[EventType "swiss"]
[EventRounds "5"]
[EventCountry "CAN"]

1. c4 Nf6 2. Nc3 e6 3. e3 d5 4. d4 Be7 5. Nf3 O-O 6. a3 a5 7. b3 b6 8. Bb2 Bb7 9. Bd3 Ne4 10. Qc2 f5 11. Ne5 Nd7 12. Nxd7 Qxd7 13. f3 Nxc3 14. Bxc3 Bf6 15. O-O-O a4 16. b4 Bg5 17. Bd2 dxc4 18. Qxc4 Bd5 19. Qc3 Bf6 20. Bc4 c5 21. Kb1 cxd4 22. exd4 Rac8 23. Qe3 Rxc4 24. Rc1 Bxd4 25. Qd3 b5 26. Rhe1 Rxc1+ 27. Rxc1 Bc4 28. Qc2 Bf6 29. Rd1 Bd3 0-1

[Event "British Columbia-ch U20"]
[Site "New Westminster CAN"]
[Date "2008.11.08"]
[Round "2.1"]
[White "Sohal, Tanraj"]
[Black "Han, Yifei"]
[Result "1-0"]
[WhiteElo "1956"]
[BlackElo "1811"]
[PlyCount "105"]
[GameId "2160767910294410"]
[EventDate "2008.11.08"]
[EventType "swiss"]
[EventRounds "5"]
[EventCountry "CAN"]

1. d4 d5 2. c4 e6 3. Nc3 Nf6 4. cxd5 exd5 5. Bg5 Be7 6. e3 h6 7. Bh4 O-O 8. Bd3 Be6 9. Nge2 Nbd7 10. O-O c5 11. dxc5 Nxc5 12. Nd4 Nxd3 13. Qxd3 Rc8 14. Qb5 Qd7 15. Qxd7 Bxd7 16. Bxf6 Bxf6 17. Nxd5 Bxd4 18. Ne7+ Kh8 19. Nxc8 Bxb2 20. Rab1 Bb5 21. Rfd1 Ba4 22. Rf1 Bb5 23. Nxa7 Bxf1 24. Kxf1 Ra8 25. Rxb2 Rxa7 26. Ke2 Ra6 27. e4 Ra7 28. f3 Kh7 29. Kf2 g5 30. Kg3 Kg6 31. h4 f6 32. hxg5 hxg5 33. Kg4 Ra4 34. Rxb7 Rxa2 35. g3 Ra4 36. Rb6 Rc4 37. Re6 Kf7 38. Kf5 Rc5+ 39. e5 fxe5 40. Rxe5 Rc3 41. Kg4 Kf6 42. Rf5+ Kg6 43. Rxg5+ Kh6 44. Rb5 Kg7 45. Rb6 Rc4+ 46. f4 Rc5 47. f5 Rc4+ 48. Kg5 Rc5 49. Rb7+ Kg8 50. Kg6 Rc8 51. f6 Kf8 52. Rh7 Kg8 53. f7+ 1-0

[Event "British Columbia-ch U20"]
[Site "New Westminster CAN"]
[Date "2008.11.08"]
[Round "2.3"]
[White "Ji, Henry"]
[Black "Huang, Richard"]
[Result "1-0"]
[WhiteElo "1618"]
[BlackElo "1948"]
[PlyCount "65"]
[GameId "2160767910294411"]
[EventDate "2008.11.08"]
[EventType "swiss"]
[EventRounds "5"]
[EventCountry "CAN"]

1. d4 d5 2. c4 c6 3. Nc3 Nf6 4. cxd5 cxd5 5. Nf3 Nc6 6. g3 e6 7. Bg2 Bb4 8. a3 Be7 9. O-O O-O 10. Re1 Bd7 11. b4 Rc8 12. Bb2 Be8 13. Qb3 Nd7 14. Rad1 Nb6 15. e4 dxe4 16. Nxe4 Nd5 17. Nc3 Nxc3 18. Bxc3 Qc7 19. Ba1 Bd7 20. Ne5 Nxe5 21. dxe5 Bc6 22. Be4 Rfd8 23. Qc2 g6 24. Bxc6 Qxc6 25. Qxc6 Rxc6 26. Rxd8+ Bxd8 27. Bd4 b6 28. Rd1 Be7 29. Be3 Kf8 30. Rd7 a5 31. b5 Rc3 32. Bxb6 Rxa3 33. Rxe7 1-0

[Event "British Columbia-ch U20"]
[Site "New Westminster CAN"]
[Date "2008.11.08"]
[Round "3.1"]
[White "Doknjas, John"]
[Black "Sohal, Tanraj"]
[Result "0-1"]
[WhiteElo "1588"]
[BlackElo "1956"]
[PlyCount "128"]
[GameId "2160767910294412"]
[EventDate "2008.11.08"]
[EventType "swiss"]
[EventRounds "5"]
[EventCountry "CAN"]

1. d4 Nf6 2. c4 e6 3. Nc3 Bb4 4. f3 d5 5. a3 Bxc3+ 6. bxc3 b6 7. Bg5 h6 8. Bxf6 Qxf6 9. e3 Bb7 10. Bd3 Nd7 11. Ne2 Qg5 12. Kf2 Qh4+ 13. g3 Qf6 14. cxd5 exd5 15. Re1 O-O 16. Nf4 Rfe8 17. h4 c5 18. Bb5 Qd6 19. Qa4 Re7 20. Bxd7 Qxd7 21. Qxd7 Rxd7 22. a4 Rc8 23. a5 cxd4 24. cxd4 Rc2+ 25. Re2 Rxe2+ 26. Kxe2 Ba6+ 27. Kd2 Bc4 28. axb6 axb6 29. Ra8+ Kh7 30. Rb8 b5 31. Ne2 Ra7 32. Nc3 Ra1 33. e4 dxe4 34. fxe4 Rg1 35. Nd5 Rg2+ 36. Kc3 Rxg3+ 37. Kb4 Rg4 38. Nc3 Rxh4 39. Kc5 g5 40. d5 Kg7 41. e5 Rh3 42. Nxb5 Bxb5 43. Rxb5 Rc3+ 44. Kd6 g4 45. e6 fxe6 46. Kxe6 g3 47. Rb7+ Kg6 48. Rb8 Re3+ 49. Kd7 Kf7 50. Rb1 g2 51. d6 Rf3 52. Rg1 Rf2 53. Kd8 h5 54. d7 Rc2 55. Rf1+ Kg7 56. Rf7+ Kh6 57. Rf6+ Kg5 58. Rf8 Kh4 59. Rg8 Rd2 60. Ke7 Kh3 61. d8=Q Rxd8 62. Kxd8 h4 63. Kd7 Kh2 64. Rg4 h3 0-1

[Event "British Columbia-ch U20"]
[Site "New Westminster CAN"]
[Date "2008.11.08"]
[Round "3.2"]
[White "Han, Yiming"]
[Black "Ji, Henry"]
[Result "1-0"]
[WhiteElo "1834"]
[BlackElo "1618"]
[PlyCount "91"]
[GameId "2160767910294413"]
[EventDate "2008.11.08"]
[EventType "swiss"]
[EventRounds "5"]
[EventCountry "CAN"]

1. e4 e6 2. d4 d5 3. Nc3 Nf6 4. e5 Nfd7 5. f4 c5 6. Nf3 Nc6 7. Be3 Be7 8. Be2 cxd4 9. Bxd4 Nxd4 10. Nxd4 a6 11. Nb3 Bb4 12. O-O Bxc3 13. bxc3 Qc7 14. Qd4 O-O 15. Bg4 f5 16. Bf3 b6 17. c4 Bb7 18. cxd5 exd5 19. Bxd5+ Bxd5 20. Qxd5+ Kh8 21. Rfe1 Rad8 22. e6 Nc5 23. Qe5 Qxe5 24. Rxe5 Nxb3 25. axb3 Rfe8 26. Rxa6 Rd6 27. e7 Kg8 28. Kf2 g6 29. Ke2 Kf7 30. Ra7 Kf6 31. Re3 h5 32. Rc7 g5 33. g3 g4 34. c4 Re6 35. Rxe6+ Kxe6 36. Kd3 Kd6 37. Ra7 Kc5 38. Kc3 b5 39. b4+ Kb6 40. Rd7 bxc4 41. Rd6+ Kc7 42. Re6 Kd7 43. Re5 Rc8 44. e8=Q+ Rxe8 45. Rxe8 Kxe8 46. Kxc4 1-0

[Event "British Columbia-ch U20"]
[Site "New Westminster CAN"]
[Date "2008.11.08"]
[Round "3.3"]
[White "Zhao, Donovan"]
[Black "Cheng, Jack"]
[Result "0-1"]
[WhiteElo "1661"]
[BlackElo "1967"]
[PlyCount "74"]
[GameId "2160767910294414"]
[EventDate "2008.11.08"]
[EventType "swiss"]
[EventRounds "5"]
[EventCountry "CAN"]

1. e4 e5 2. Nf3 Nc6 3. Bc4 Nf6 4. d3 Be7 5. Nc3 O-O 6. O-O d6 7. Be3 Bg4 8. h3 Bh5 9. Nd5 Na5 10. Nxe7+ Qxe7 11. Bb3 Nxb3 12. axb3 c5 13. Bg5 Qe6 14. Qe2 h6 15. Bh4 Nd7 16. Qe3 Bxf3 17. Qxf3 a6 18. Qe2 f5 19. f4 exf4 20. Rae1 fxe4 21. Qxe4 Qxe4 22. Rxe4 g5 23. Be1 Rae8 24. Rxe8 Rxe8 25. Bc3 Re2 26. Rf2 Rxf2 27. Kxf2 Kf7 28. d4 Ke6 29. Kf3 cxd4 30. Bxd4 Ne5+ 31. Ke2 Kf5 32. c4 h5 33. Bb6 g4 34. hxg4+ hxg4 35. Bc7 Nf7 36. b4 Ke4 37. c5 d5 0-1

[Event "British Columbia-ch U20"]
[Site "New Westminster CAN"]
[Date "2008.11.09"]
[Round "4.1"]
[White "Sohal, Tanraj"]
[Black "Han, Yiming"]
[Result "1-0"]
[WhiteElo "1956"]
[BlackElo "1834"]
[PlyCount "107"]
[GameId "2160767910294415"]
[EventDate "2008.11.08"]
[EventType "swiss"]
[EventRounds "5"]
[EventCountry "CAN"]

1. d4 d5 2. c4 e6 3. Nc3 Nf6 4. cxd5 exd5 5. Bg5 Be7 6. e3 h6 7. Bh4 Bf5 8. Bxf6 Bxf6 9. Qb3 b6 10. Qxd5 Qxd5 11. Nxd5 Bd8 12. Rc1 c6 13. Nb4 Bd7 14. Nf3 a5 15. Nd3 f6 16. Be2 Be7 17. O-O g5 18. Nd2 Na6 19. Bh5+ Kf8 20. Bf3 Rc8 21. a3 Kg7 22. Rfe1 h5 23. Nc4 Rb8 24. Be2 Rhc8 25. e4 g4 26. Nf4 Rh8 27. Ne3 Nc7 28. d5 c5 29. Nc4 Ne8 30. e5 b5 31. e6 bxc4 32. exd7 Nc7 33. Bxc4 Bd6 34. Ne6+ Nxe6 35. dxe6 Be7 36. b3 f5 37. Rcd1 Kf6 38. Rd5 Rhg8 39. Ree5 Rg5 40. a4 h4 41. Kf1 Rbg8 42. Bd3 g3 43. hxg3 hxg3 44. f4 Rg4 45. Rxf5+ Kxe6 46. Bc4 Bd6 47. Rf6+ Kxf6 48. Rxd6+ Ke7 49. Bxg8 Rxg8 50. d8=Q+ Rxd8 51. Rxd8 Kxd8 52. Ke2 Ke7 53. Kf3 Ke6 54. Kxg3 1-0

[Event "British Columbia-ch U20"]
[Site "New Westminster CAN"]
[Date "2008.11.09"]
[Round "4.2"]
[White "Cheng, Jack"]
[Black "Doknjas, John"]
[Result "1-0"]
[WhiteElo "1967"]
[BlackElo "1588"]
[PlyCount "47"]
[GameId "2160767910294416"]
[EventDate "2008.11.08"]
[EventType "swiss"]
[EventRounds "5"]
[EventCountry "CAN"]

1. e4 e6 2. d4 d5 3. e5 c5 4. c3 Qb6 5. Nf3 Nc6 6. Be2 cxd4 7. cxd4 Nh6 8. Nc3 Bb4 9. Bxh6 Bxc3+ 10. bxc3 gxh6 11. Qd2 Rg8 12. O-O Qa5 13. Qxh6 Qxc3 14. Qxh7 Rg4 15. Qh8+ Kd7 16. Qf8 Rf4 17. Bb5 Qc2 18. Rac1 Qxa2 19. Rxc6 bxc6 20. Qd6+ Ke8 21. Bxc6+ Bd7 22. Bxd7+ Kd8 23. Bc6+ Kc8 24. Qd7+ 1-0

[Event "British Columbia-ch U20"]
[Site "New Westminster CAN"]
[Date "2008.11.09"]
[Round "4.3"]
[White "Botez, Alexandra"]
[Black "Han, Yifei"]
[Result "1-0"]
[WhiteElo "1849"]
[BlackElo "1811"]
[PlyCount "99"]
[GameId "2160767910294417"]
[EventDate "2008.11.08"]
[EventType "swiss"]
[EventRounds "5"]
[EventCountry "CAN"]

1. d4 d5 2. c4 e6 3. Nc3 Nf6 4. Nf3 Be7 5. Bf4 O-O 6. e3 b6 7. cxd5 Nxd5 8. Nxd5 exd5 9. a3 Bb7 10. Bd3 h6 11. b4 Bd6 12. Bxd6 Qxd6 13. O-O Nd7 14. Bf5 a5 15. b5 a4 16. Bxd7 Qxd7 17. Qd3 Ra5 18. Rab1 Qe7 19. Rfc1 Ra7 20. Ne5 Re8 21. Nc6 Bxc6 22. Rxc6 Qd7 23. Qc2 Re6 24. Rb4 Rxc6 25. bxc6 Qc8 26. Rxa4 Qa8 27. Rxa7 Qxa7 28. Qb3 Qa5 29. Qb4 Qxb4 30. axb4 b5 31. Kf1 Kf8 32. Ke2 Ke7 33. Kf3 g6 34. Kf4 Ke6 35. h4 f6 36. f3 Kd6 37. h5 Ke6 38. hxg6 h5 39. g3 f5 40. Kg5 f4 41. exf4 h4 42. gxh4 Ke7 43. h5 Kf8 44. h6 Kg8 45. f5 Kf8 46. h7 Kg7 47. f6+ Kh8 48. f7 Kg7 49. h8=Q+ Kxh8 50. f8=Q# 1-0

[Event "British Columbia-ch U20"]
[Site "New Westminster CAN"]
[Date "2008.11.09"]
[Round "4.4"]
[White "Ji, Henry"]
[Black "Awatramani, Janak"]
[Result "1/2-1/2"]
[WhiteElo "1618"]
[BlackElo "1566"]
[PlyCount "105"]
[GameId "2160767910294418"]
[EventDate "2008.11.08"]
[EventType "swiss"]
[EventRounds "5"]
[EventCountry "CAN"]

1. d4 b6 2. Nf3 Bb7 3. c4 e6 4. e3 Nf6 5. g3 d5 6. Bg2 a6 7. cxd5 exd5 8. O-O Bd6 9. Nc3 O-O 10. Re1 Ne4 11. Qc2 f5 12. Nd2 Nd7 13. a3 Ndf6 14. f3 Nxc3 15. bxc3 Qd7 16. e4 dxe4 17. fxe4 fxe4 18. Nxe4 Nxe4 19. Bxe4 Bxe4 20. Qxe4 Qf7 21. Qe6 Qxe6 22. Rxe6 Rae8 23. Re3 c5 24. Rxe8 Rxe8 25. Rb1 cxd4 26. cxd4 b5 27. Kf2 Re4 28. a4 b4 29. Be3 Re7 30. Ke2 Kf7 31. Kd3 Rc7 32. Rc1 Rb7 33. Kc4 Ke6 34. Bd2 Rc7+ 35. Kb3 Rxc1 36. Bxc1 Kd5 37. Bb2 a5 38. Ba1 Be7 39. Kc2 Kc4 40. d5 g5 41. Be5 Kxd5 42. Bc7 Kc4 43. Bxa5 b3+ 44. Kb1 g4 45. Bc7 Bc5 46. a5 Kb5 47. Kb2 Bg1 48. Kxb3 Bxh2 49. Kc3 h5 50. Kd3 h4 51. gxh4 Bxc7 52. Ke3 Kxa5 53. h5 1/2-1/2

[Event "British Columbia-ch U20"]
[Site "New Westminster CAN"]
[Date "2008.11.09"]
[Round "5.1"]
[White "Cheng, Jack"]
[Black "Sohal, Tanraj"]
[Result "1/2-1/2"]
[WhiteElo "1967"]
[BlackElo "1956"]
[PlyCount "84"]
[GameId "2160767910294419"]
[EventDate "2008.11.08"]
[EventType "swiss"]
[EventRounds "5"]
[EventCountry "CAN"]

1. e4 c5 2. Nf3 e6 3. d4 cxd4 4. Nxd4 Nf6 5. Nc3 Nc6 6. Ndb5 d6 7. Bf4 e5 8. Bg5 a6 9. Na3 b5 10. Nd5 Be7 11. Bxf6 Bxf6 12. c3 Ne7 13. Nc2 Bb7 14. Be2 Nxd5 15. exd5 O-O 16. O-O g6 17. a4 bxa4 18. Rxa4 a5 19. Ne3 Bg7 20. b4 Qc7 21. Qb3 axb4 22. Rxa8 Rxa8 23. cxb4 f5 24. Rd1 e4 25. g3 Ra1 26. Rxa1 Bxa1 27. Bc4 Bd4 28. Nc2 Be5 29. Na3 Qb6 30. Nc2 Qc7 31. Kg2 Kg7 32. Na3 f4 33. gxf4 Bxf4 34. Qc3+ Be5 35. Qe3 Qd8 36. Nb5 Qh4 37. h3 Bc8 38. Nc7 Bf4 39. Qd4+ Be5 40. Qe3 Bf4 41. Qc3+ Be5 42. Qe3 Bf4 1/2-1/2

[Event "British Columbia-ch U20"]
[Site "New Westminster CAN"]
[Date "2008.11.09"]
[Round "5.2"]
[White "Huang, Richard"]
[Black "Botez, Alexandra"]
[Result "1/2-1/2"]
[WhiteElo "1948"]
[BlackElo "1849"]
[PlyCount "84"]
[GameId "2160767910294420"]
[EventDate "2008.11.08"]
[EventType "swiss"]
[EventRounds "5"]
[EventCountry "CAN"]

1. Nf3 f5 2. d4 g6 3. c4 Bg7 4. e3 Nf6 5. Be2 d6 6. O-O O-O 7. Nbd2 Qe8 8. Rb1 e5 9. b4 c6 10. dxe5 dxe5 11. c5 Nd5 12. Qc2 h6 13. Nc4 Nd7 14. Nd6 Qe7 15. Bc4 Kh7 16. Nxc8 Raxc8 17. a3 b6 18. cxb6 N5xb6 19. Bb2 c5 20. b5 Nxc4 21. Qxc4 Nb6 22. Qc2 e4 23. Nd2 Bxb2 24. Rxb2 c4 25. Rb4 c3 26. Nb3 Nc4 27. Nd4 Nxa3 28. Qa4 a5 29. bxa6 c2 30. Rb7 Qxb7 31. axb7 c1=Q 32. bxc8=Q Rxc8 33. g3 Qc5 34. Qd7+ Kh8 35. Ne6 Qc3 36. Kg2 Rg8 37. Qf7 Nc4 38. Rd1 Nxe3+ 39. fxe3 Qc2+ 40. Kh3 Qxd1 41. Qf6+ Kh7 42. Qf7+ Kh8 1/2-1/2

[Event "British Columbia-ch U20"]
[Site "New Westminster CAN"]
[Date "2008.11.09"]
[Round "5.3"]
[White "Han, Yifei"]
[Black "Han, Yiming"]
[Result "1/2-1/2"]
[WhiteElo "1811"]
[BlackElo "1834"]
[PlyCount "81"]
[GameId "2160767910294421"]
[EventDate "2008.11.08"]
[EventType "swiss"]
[EventRounds "5"]
[EventCountry "CAN"]

1. e4 Nc6 2. d4 d5 3. e5 Bf5 4. c3 e6 5. Bd3 Bg6 6. Bxg6 hxg6 7. Nf3 Nge7 8. Nbd2 Nf5 9. Nf1 Na5 10. Bg5 Qd7 11. Ne3 c5 12. Nxf5 gxf5 13. Be3 c4 14. Qc2 b5 15. b4 Nc6 16. a4 Qb7 17. O-O Be7 18. Bd2 O-O 19. Ra2 a5 20. axb5 Qxb5 21. Rfa1 Rfb8 22. Ra4 Ra7 23. Bg5 Bf8 24. Nd2 Rba8 25. bxa5 Rxa5 26. Rxa5 Rxa5 27. Rb1 Qa6 28. Qb2 Ra2 29. Qb6 Qa4 30. g3 Na5 31. Qd8 Nc6 32. Qc8 Rc2 33. Qc7 Rxc3 34. Rb7 Qd1+ 35. Kg2 Nd8 36. Qxd8 Rc1 37. Qe8 Qh1+ 38. Kh3 Rg1 39. Qxf7+ Kh7 40. Qh5+ Kg8 41. Qf7+ 1/2-1/2

[Event "British Columbia-ch U20"]
[Site "New Westminster CAN"]
[Date "2008.11.09"]
[Round "5.4"]
[White "Doknjas, John"]
[Black "Ji, Henry"]
[Result "1/2-1/2"]
[WhiteElo "1588"]
[BlackElo "1618"]
[PlyCount "88"]
[GameId "2160767910294422"]
[EventDate "2008.11.08"]
[EventType "swiss"]
[EventRounds "5"]
[EventCountry "CAN"]

1. d4 d5 2. e3 c6 3. Nf3 Nf6 4. Bd3 e6 5. O-O Bd6 6. c3 O-O 7. Re1 c5 8. Nbd2 c4 9. Bc2 b5 10. e4 dxe4 11. Nxe4 Bb7 12. Bg5 Be7 13. Ne5 h6 14. Nxf6+ Bxf6 15. Bxf6 Qxf6 16. Be4 Bxe4 17. Rxe4 Qf5 18. Qe2 Na6 19. a4 b4 20. Nxc4 bxc3 21. bxc3 Nc7 22. Re5 Qf6 23. Nd6 Qe7 24. Nb5 Nd5 25. Rxd5 a6 26. Na3 Qe8 27. Ra5 Qb8 28. Rb1 Qd8 29. Rxa6 Rc8 30. Rb3 Re8 31. Qb5 e5 32. d5 e4 33. c4 e3 34. Rxe3 Rxe3 35. fxe3 Rb8 36. Qa5 Qe7 37. Qc3 f5 38. Re6 Qh4 39. d6 Rb3 40. Qc1 Rxa3 41. g3 Qg4 42. Qxa3 Qd1+ 43. Kf2 Qd2+ 44. Kf3 Qd1+ 1/2-1/2

[Event "British Columbia-ch w"]
[Site "Vancouver CAN"]
[Date "2008.10.12"]
[Round "1.1"]
[White "Botez, Alexandra"]
[Black "Jung-Doknjas, Victoria"]
[Result "1-0"]
[WhiteElo "1826"]
[BlackElo "1484"]
[PlyCount "98"]
[GameId "2160767910303006"]
[EventDate "2008.10.12"]
[EventType "tourn"]
[EventRounds "3"]
[EventCountry "CAN"]

1. d4 d5 2. c4 c6 3. Nc3 e6 4. Nf3 h6 5. Bf4 Nf6 6. c5 b6 7. b4 bxc5 8. bxc5 Nh5 9. Bd2 Nd7 10. e3 Nhf6 11. Qa4 Qc7 12. Bd3 Bxc5 13. dxc5 Nxc5 14. Qc2 Nxd3+ 15. Qxd3 a5 16. Qc2 Ba6 17. Nd4 Bc4 18. f3 O-O 19. Kf2 Nd7 20. Na4 c5 21. Nb3 Rfb8 22. g3 h5 23. e4 Bxb3 24. axb3 d4 25. Rhc1 Rb5 26. Qd3 Rab8 27. Qxd4 e5 28. Qc4 Rxb3 29. Nxc5 Rb2 30. Ke1 Qd6 31. Nd3 Nb6 32. Qc3 Rb5 33. Ke2 f5 34. Rxa5 Rxa5 35. Qxa5 fxe4 36. Qa2+ Kh7 37. fxe4 Rf8 38. Qb2 Qf6 39. Bf4 exf4 40. Qxf6 Rxf6 41. gxf4 Re6 42. Kf3 Nd7 43. f5 Rf6 44. Rc7 Nb6 45. Kf4 Kh6 46. h4 Na4 47. Ke5 Nb6 48. Nf4 Na8 49. Rc8 Nb6 1-0

[Event "British Columbia-ch w"]
[Site "Vancouver CAN"]
[Date "2008.10.12"]
[Round "1.2"]
[White "Foote, Joanne"]
[Black "Datcu-Romano, Anca"]
[Result "0-1"]
[WhiteElo "1238"]
[BlackElo "1809"]
[PlyCount "62"]
[GameId "2160767910303007"]
[EventDate "2008.10.12"]
[EventType "tourn"]
[EventRounds "3"]
[EventCountry "CAN"]

1. e4 c5 2. c3 Nc6 3. d4 Nf6 4. e5 Nd5 5. Nf3 e6 6. Be2 cxd4 7. cxd4 Bb4+ 8. Bd2 Qc7 9. Bxb4 Ncxb4 10. Na3 a6 11. Nc4 O-O 12. a3 Nc6 13. Nd6 f6 14. Rc1 Qa5+ 15. Qd2 Qd8 16. O-O b5 17. b4 Rb8 18. Rb1 Bb7 19. Rfc1 Ba8 20. a4 bxa4 21. b5 axb5 22. Bxb5 fxe5 23. dxe5 Qe7 24. Ne4 a3 25. Bc4 Rxb1 26. Rxb1 Nf4 27. Rb3 Nxe5 28. Nxe5 Bxe4 29. Qa2 Qg5 30. g3 Nh3+ 31. Kf1 Qc1+ 0-1

[Event "British Columbia-ch w"]
[Site "Vancouver CAN"]
[Date "2008.10.12"]
[Round "2.1"]
[White "Jung-Doknjas, Victoria"]
[Black "Datcu-Romano, Anca"]
[Result "0-1"]
[WhiteElo "1484"]
[BlackElo "1809"]
[PlyCount "117"]
[GameId "2160767910303008"]
[EventDate "2008.10.12"]
[EventType "tourn"]
[EventRounds "3"]
[EventCountry "CAN"]

1. e4 c5 2. Nf3 d6 3. Nc3 a6 4. h3 Nc6 5. d4 cxd4 6. Nxd4 Nf6 7. Bc4 e6 8. O-O Be7 9. Bg5 O-O 10. a3 Qc7 11. Nde2 b5 12. Bd3 Bb7 13. Ng3 Ne5 14. Nce2 Rac8 15. Nf4 Nxd3 16. cxd3 h6 17. Bxf6 Bxf6 18. Rb1 d5 19. Ngh5 Bg5 20. Qg4 g6 21. h4 gxh5 22. Nxh5 f5 23. exf5 exf5 24. Qd4 Bxh4 25. Rbc1 Qe7 26. Rce1 Qg5 27. Nf4 Qf6 28. Qb4 Rfe8 29. g3 Bg5 30. Nh5 Qf7 31. g4 fxg4 32. Qxg4 d4 33. f4 Rxe1 34. Rxe1 Rf8 35. Kh2 Bc8 36. Qf3 Bxf4+ 37. Nxf4 Qxf4+ 38. Qxf4 Rxf4 39. Rg1+ Rg4 40. Re1 Kf7 41. Rf1+ Kg6 42. Re1 Bf5 43. Re7 h5 44. Ra7 Bxd3 45. Rxa6+ Kf5 46. b4 h4 47. Rd6 Ke5 48. Ra6 Bf1 49. a4 bxa4 50. Rxa4 Kf4 51. b5 Bxb5 52. Rxd4+ Kf3 53. Rd5 Rg2+ 54. Kh3 Bc6 55. Rh5 Bd7+ 56. Kxh4 Kf4 57. Rf5+ Bxf5 58. Kh5 Bc8 59. Kh6 0-1

[Event "British Columbia-ch w"]
[Site "Vancouver CAN"]
[Date "2008.10.12"]
[Round "2.2"]
[White "Botez, Alexandra"]
[Black "Foote, Joanne"]
[Result "1-0"]
[WhiteElo "1826"]
[BlackElo "1238"]
[PlyCount "71"]
[GameId "2160767910303009"]
[EventDate "2008.10.12"]
[EventType "tourn"]
[EventRounds "3"]
[EventCountry "CAN"]

1. d4 e6 2. c4 d5 3. Nc3 Nf6 4. Nf3 c6 5. Bf4 Nbd7 6. e3 Be7 7. cxd5 cxd5 8. Qc2 b6 9. Nb5 O-O 10. Bc7 Qe8 11. Nd6 Bxd6 12. Bxd6 Ne4 13. Bxf8 Qxf8 14. Bd3 Ndf6 15. O-O Bd7 16. Ne5 Qe8 17. Bxe4 Nxe4 18. Nxd7 Qxd7 19. Rac1 h6 20. Qc7 Qa4 21. Qb7 Qe8 22. Qc6 Qd8 23. Rc2 Nd6 24. Qc7 a5 25. Qxd8+ Rxd8 26. Rc6 Nc4 27. b3 Nd2 28. Rd1 Ne4 29. f3 Nf6 30. Rxb6 Ra8 31. Rc1 Kh7 32. Rc7 Kg6 33. Rbb7 Rf8 34. Ra7 Ne8 35. Rc8 Kh7 36. Raa8 1-0

[Event "British Columbia-ch w"]
[Site "Vancouver CAN"]
[Date "2008.10.13"]
[Round "3.1"]
[White "Foote, Joanne"]
[Black "Jung-Doknjas, Victoria"]
[Result "1/2-1/2"]
[WhiteElo "1238"]
[BlackElo "1484"]
[PlyCount "120"]
[GameId "2160767910303010"]
[EventDate "2008.10.12"]
[EventType "tourn"]
[EventRounds "3"]
[EventCountry "CAN"]

1. e4 e6 2. d4 d5 3. e5 c5 4. c3 Nc6 5. Nf3 Qb6 6. Be2 Nh6 7. Bxh6 gxh6 8. b3 cxd4 9. cxd4 Bb4+ 10. Kf1 Bd7 11. a3 Be7 12. Nc3 Rg8 13. g3 O-O-O 14. b4 Nxb4 15. axb4 Qxb4 16. Rc1 Kb8 17. Ne1 Rc8 18. Na2 Qb2 19. Rc2 Rxc2 20. Qxc2 Qxd4 21. Qxh7 Re8 22. Qxh6 Bc5 23. Nd3 Bb5 24. Qh7 Rd8 25. Qxf7 Qa1+ 26. Nac1 Bd4 27. Qf4 Bc5 28. Kg2 Qa4 29. h4 Bb6 30. Qxa4 Bxa4 31. h5 d4 32. h6 Bc6+ 33. Bf3 Rf8 34. Bxc6 bxc6 35. h7 Rh8 36. g4 Bd8 37. f4 Kc7 38. g5 Be7 39. g6 Bf8 40. Kg3 c5 41. Kg4 c4 42. Nf2 d3 43. Kg5 Bg7 44. f5 d2 45. Ne2 exf5 46. Kxf5 Kd7 47. Ne4 a5 48. Nxd2 Rf8+ 49. Ke4 a4 50. Nxc4 Bh8 51. Kd5 Rf2 52. g7 Bxg7 53. h8=Q Bxh8 54. Rxh8 Rxe2 55. Ra8 Re1 56. Rxa4 Rd1+ 57. Kc5 Ke6 58. Ra6+ Ke7 59. e6 Re1 60. Kd5 Rd1+ 1/2-1/2

[Event "British Columbia-ch w"]
[Site "Vancouver CAN"]
[Date "2008.10.13"]
[Round "3.2"]
[White "Datcu-Romano, Anca"]
[Black "Botez, Alexandra"]
[Result "0-1"]
[WhiteElo "1809"]
[BlackElo "1826"]
[PlyCount "108"]
[GameId "2160767910303011"]
[EventDate "2008.10.12"]
[EventType "tourn"]
[EventRounds "3"]
[EventCountry "CAN"]

1. e4 e6 2. d4 d5 3. Nd2 c5 4. exd5 exd5 5. Ngf3 Be6 6. Bb5+ Nd7 7. O-O a6 8. Bd3 c4 9. Be2 b5 10. c3 Be7 11. Ne5 Nxe5 12. dxe5 Bc5 13. Nf3 Ne7 14. Bg5 O-O 15. Nd4 Bxd4 16. Qxd4 Nf5 17. Qd2 Qc7 18. Bf4 h6 19. h3 Qd7 20. Rad1 g5 21. Be3 Nh4 22. g3 Bxh3 23. gxh4 Bxf1 24. Rxf1 f6 25. exf6 Rxf6 26. Bd4 Rg6 27. Bh5 Rf8 28. Qe3 Re6 29. Qg3 Qe7 30. Bf3 Rf5 31. Bg4 Rf4 32. Bxe6+ Qxe6 33. f3 Rxh4 34. Re1 Qf7 35. Qb8+ Kh7 36. Qh8+ Kg6 37. Qe8 Qxe8 38. Rxe8 Rf4 39. Kg2 g4 40. Rg8+ Kh5 41. fxg4+ Rxg4+ 42. Rxg4 Kxg4 43. Be5 Kf5 44. Bc7 Ke4 45. Kf2 Kd3 46. Be5 Kc2 47. b4 cxb3 48. axb3 Kxb3 49. Ke3 a5 50. Kd4 a4 51. Kxd5 a3 52. Kc5 a2 53. c4 bxc4 54. Ba1 c3 0-1